Statistiques concernant Effectif Tottenham 2023/2024

Cliquez ici pour prendre le quiz!

Statistiques générales

  • Ce quiz a été pris 216 fois
    (38 depuis la dernière actualisation)
  • Le résultat moyen est 19 sur 27

Statistiques - réponses

PosteNuméroPaysJoueur% Correct
ATT7Corée du SudHeung-min Son
96%
DEF17ArgentineCristian Romero
93%
G13ItalieGuglielmo Vicario
89%
ATT9BrésilRicharlison
89%
MIL10AngleterreJames Maddison
86%
DEF23EspagnePedro Porro
86%
ATT21SuèdeDejan Kulusevski
82%
MIL29SénégalPape Matar Sarr
82%
MIL30UruguayRodrigo Bentancur
82%
DEF38ItalieDestiny Udogie
79%
DEF12BrésilEmerson Royal
79%
ATT16AllemagneTimo Werner
79%
DEF37Pays-basMicky van de Ven
75%
MIL5DanemarkPierre-Emile Höjbjerg
75%
COACH-AustralieAnge Postecoglou
71%
DEF33Pays de GallesBen Davies
71%
MIL8MaliYves Bissouma
71%
G20AngleterreFraser Forster
68%
ATT22Pays de GallesBrennan Johnson
64%
MIL18ArgentineGiovani Lo Celso
64%
MIL4AngleterreOliver Skipp
64%
DEF6RoumanieRadu Drăgușin
61%
ATT11EspagneBryan Gil
57%
ATT27IsraëlManor Salomon
54%
G41AngleterreAlfie Whiteman
36%
G40AngleterreBrandon Austin
36%
MIL19AngleterreRyan Sessegnon
21%

Distribution des résultats

Percentile par nombre de réponses

% des personnes avec chaque résultat

Votre développement - résultats

Vous n’avez pas pris ce quiz depuis la dernière actualisation